| 000 | 00389nam a2200133Ia 4500 | ||
|---|---|---|---|
| 005 | 20260328101455.0 | ||
| 008 | 260328s9999||||xx |||||||||||||| ||und|| | ||
| 100 | _aUniversidad de Antioquía | ||
| 245 | 0 |
_aEducación y pedagogía : _b Arquitectura escolar / _cUniversidad de Antioquía |
|
| 260 | _bUniversidad de Antioquia | ||
| 300 | _a194 p. | ||
| 650 | _aARQUITECTURA CIVIL | ||
| 942 | _cBK | ||
| 999 |
_c8819 _d8819 |
||